आरक्षण नीति के द्वारा अनसूचित जाति का विकास: जनपद अल्मोड़ा के धोलादेवी ब्लाक का एक अध्ययन (Record no. 26338)
[ view plain ]
| 000 -LEADER | |
|---|---|
| fixed length control field | 01043nam a22001937a 4500 |
| 082 ## - DEWEY DECIMAL CLASSIFICATION NUMBER | |
| Classification number | RP.0302 |
| 100 ## - MAIN ENTRY--AUTHOR NAME | |
| Personal name | पालीवाल, राजेश चंद्र |
| Affiliation | B.S.M.P.G.College,Rudki |
| Place | Haridwar, Uttrakhand |
| 100 ## - MAIN ENTRY--AUTHOR NAME | |
| Personal name | Palivaal,chandr Rajesh, |
| 245 ## - TITLE STATEMENT | |
| Title | आरक्षण नीति के द्वारा अनसूचित जाति का विकास: जनपद अल्मोड़ा के धोलादेवी ब्लाक का एक अध्ययन |
| 246 ## - VARYING FORM OF TITLE | |
| Title proper/short title | Development of Schedule Caste Through Reservation Policy: A Study of Dhola Devi Block District Almora |
| 246 ## - VARYING FORM OF TITLE | |
| Title proper/short title | Aarshan Niti Ke Davra Ansuchit Jati Ka Viaks: Janpad Almora Ke Dholadevi Block Ka Ek Adhyan |
| 260 ## - PUBLICATION, DISTRIBUTION, ETC. (IMPRINT) | |
| Place of publication | Haridwar |
| -- | Uttarakhand |
| Year of publication | 2013 |
| 300 ## - PHYSICAL DESCRIPTION | |
| Number of Pages | 163p. |
| 504 ## - BIBLIOGRAPHY, ETC. NOTE | |
| Bibliography, etc | Include biblography and appendix |
| 536 ## - FUNDING INFORMATION NOTE | |
| Funding Agency | Indian Council Of Social Science Research.New Delhi |
| 546 ## - LANGUAGE NOTE | |
| Language note | Hindi |
| 650 ## - SUBJECT ADDED ENTRY--TOPICAL TERM | |
| Topical Term | reservation policy |
| Form subdivision | schedule tribes |
| -- | socio-economy |
| Geographic subdivision | almora |
| -- | uttrakhand |
| -- | india |
| 942 ## - ADDED ENTRY ELEMENTS (KOHA) | |
| Koha item type | Research Reports |
| Source of classification or shelving scheme | Dewey Decimal Classification |
| Withdrawn status | Lost status | Damaged status | Not for loan | Collection code | Home library | Current library | Date acquired | Source of acquisition | Full call number | Accession Number | Price effective from | Koha item type |
|---|---|---|---|---|---|---|---|---|---|---|---|---|
| Not For Loan | ICSSR Research Project Reports | NASSDOC Library | NASSDOC Library | 23/12/2020 | Gifted by: RP Division | RP.0302 | 51089 | 23/12/2020 | Research Reports |
